[Event "AUTO-INT-2345"]
[Site "http://www.queenalice.com/game.php?id=1069526"]
[Date "2012.6.8"]
[Round "1"]
[White "joao_messias"]
[Black "burnnes"]
[Result "1-0"]
[WhiteElo "1720"]
[BlackElo "1643"]

1. e4 e5 2. Nf3 Nc6 3. d3 Bc5 4. a3 d6 5. h3 Nf6 6. Bg5 h6 7. Bd2 Nd4 8. Nxd4
Bxd4 9. Bc3 Bxc3+ 10. Nxc3 O-O 11. Be2 Be6 12. Bg4 Bxg4 13. hxg4 g5 14. Rxh6 Kg7
15. Qf3 Kxh6 16. O-O-O Kg6 17. Qf5+ Kg7 18. Qxg5+ Kh8 19. Rh1+ Nh7 20. Qh6 1-0

[Event "AUTO-INT-2345"]
[Site "http://www.queenalice.com/game.php?id=1069527"]
[Date "2012.6.8"]
[Round "1"]
[White "burnnes"]
[Black "joao_messias"]
[Result "0-1"]
[WhiteElo "1630"]
[BlackElo "1810"]

1. e4 e5 2. Nf3 d6 3. Bc4 h6 4. h3 Nf6 5. d3 Nc6 6. Nc3 Na5 7. Be3 Nxc4 8. dxc4
Be7 9. Nd5 Nxe4 10. O-O Nf6 11. b3 c6 12. Nxf6+ gxf6 13. Nh4 f5 14. Nf3 f4 15.
Bd2 Rg8 16. g4 h5 17. Kh2 hxg4 18. hxg4 Bxg4 19. Rg1 Rh8+ 20. Kg2 Bh3+ 21. Kh2
Bf1+ 22. Nh4 Rxh4# 0-1

[Event "AUTO-INT-2345"]
[Site "http://www.queenalice.com/game.php?id=1069536"]
[Date "2012.6.8"]
[Round "1"]
[White "burnnes"]
[Black "x9"]
[Result "0-1"]
[WhiteElo "1728"]
[BlackElo "1534"]

1. e4 e5 2. Nf3 Nf6 3. Nc3 Nc6 4. Bc4 Bc5 5. d3 Ng4 6. Be3 Qe7 7. Nd5 Qd6 8.
Bxc5 Qxc5 9. O-O O-O 10. Nxc7 Rb8 11. h3 Nf6 12. Ng5 Nd8 13. Nd5 Nxd5 14. Bxd5
h6 15. Nf3 d6 16. Nd2 b6 17. Nb3 Qb5 18. Qh5 Be6 19. Bxe6 Nxe6 20. a3 Rbc8 21.
Rac1 Nf4 22. Qg4 a5 23. g3 h5 24. Qf3 Nxh3+ 25. Kg2 Ng5 26. Qxh5 f6 27. Rh1 a4
28. Nd2 Qxb2 29. Nc4 Qd4 30. Qg6 Nxe4 31. Qh7+ Kf7 32. Qh5+ Ke7 33. Qf3 Ng5 34.
Qb7+ Ke6 35. Rh4 e4 36. Nxb6 Rb8 37. Qd7+ Ke5 0-1

[Event "AUTO-INT-2345"]
[Site "http://www.queenalice.com/game.php?id=1069537"]
[Date "2012.6.8"]
[Round "1"]
[White "x9"]
[Black "burnnes"]
[Result "0-1"]
[WhiteElo "1525"]
[BlackElo "1761"]

1. e4 e5 2. Qh5 d6 3. Bc4 Nh6 4. Nf3 g6 5. Qg5 Qxg5 6. Nxg5 Be7 7. Nxf7 Nxf7 8.
Bxf7+ Kxf7 9. Nc3 Nc6 10. O-O Nd4 11. a3 Nxc2 12. Ra2 Be6 13. b3 Bxb3 14. Rb2
Nd4 15. Nd5 Bxd5 16. exd5 Ne2+ 17. Kh1 b6 18. d3 Nxc1 19. Rxc1 Rac8 20. Re1 Kg7
21. Re4 Rhf8 22. Rbe2 c6 23. dxc6 Rxc6 24. h3 Bh4 25. Rxh4 g5 26. Rh5 Kg6 27. g4
Rc3 28. h4 h6 29. d4 Rf4 30. hxg5 Rxg4 31. Rxh6+ Kxg5 32. Rxd6 Rh3# 0-1

[Event "AUTO-OPEN-2708"]
[Site "http://www.queenalice.com/game.php?id=1069664"]
[Date "2012.6.8"]
[Round "1"]
[White "italomachado"]
[Black "burnnes"]
[Result "0-1"]
[WhiteElo "1626"]
[BlackElo "1655"]

1. e4 e5 2. Qf3 Nf6 3. Nh3 Bc5 4. Ng5 d6 5. h3 h6 6. Qg3 hxg5 7. Qxg5 Nxe4 8.
Qxg7 Bxf2+ 9. Kd1 Qf6 10. Qxf6 Nxf6 11. Bc4 Ne4 12. d3 Ng3 13. Rh2 Bg1 14. Rh1
Nxh1 15. Bd2 Ng3 16. Nc3 Nc6 17. Nb5 Bb6 18. a4 a5 19. c3 Nf1 20. Kc2 Ne3+ 21.
Kb3 Nxg2 22. Rf1 Be6 23. Bxe6 fxe6 24. Rf6 Ke7 25. Bg5 Kd7 26. Rf7+ Ke8 27. Rf6
Nf4 28. d4 Nxh3 29. Rxe6+ Kf7 30. Rf6+ Kg7 31. Rf5 Kg6 32. Rf3 Nxg5 33. Rg3 Kf5
34. Rg1 Nf3 35. Rf1 Ke4 36. Rf2 exd4 37. Kc4 d3 38. Rf1 Nd2# 0-1

[Event "AUTO-OPEN-2708"]
[Site "http://www.queenalice.com/game.php?id=1069665"]
[Date "2012.6.8"]
[Round "1"]
[White "burnnes"]
[Black "italomachado"]
[Result "0-1"]
[WhiteElo "1621"]
[BlackElo "1560"]

1. e4 e5 2. Nf3 Nc6 3. Nc3 d6 4. Bb5 a6 5. Ba4 b5 6. Bb3 f5 7. d3 Nf6 8. Ng5 d5
9. Nxd5 h6 10. Nf3 Be6 11. Nxf6+ Qxf6 12. h3 Rd8 13. Bxe6 Qxe6 14. Qe2 f4 15.
Nh4 Nd4 16. Qh5+ Ke7 17. O-O Rg8 18. Ng6+ Kf6 19. c3 Nc2 20. Rb1 Rxd3 21. Nxf8
Rxf8 22. g3 Ke7 23. Qh4+ g5 24. Qg4 Qc6 25. gxf4 exf4 26. Kh2 Qxe4 27. Qh5 Ne1
28. Qg4 Nf3+ 0-1

[Event "AUTO-OPEN-2708"]
[Site "http://www.queenalice.com/game.php?id=1069704"]
[Date "2012.6.8"]
[Round "1"]
[White "burnnes"]
[Black "noB"]
[Result "1-0"]
[WhiteElo "1603"]
[BlackElo "1870"]

1. e4 e5 2. Nf3 Nf6 3. Nxe5 d6 4. Nc4 Nxe4 5. d3 Nf6 6. h3 c6 7. Bf4 Be7 8. Be2
d5 9. Ne5 Nbd7 10. Bh5 Qb6 11. Bxf7+ Kd8 12. b3 Qd4 13. Be6 Nxe5 14. Bxe5 Qxe5+
15. Qe2 Qxe2+ 16. Kxe2 Bxe6 17. Nc3 Rf8 18. Kd2 Ng8 19. Rhe1 Kd7 20. Ne2 Rxf2
21. Rf1 Rxg2 22. Rg1 Rxg1 23. Rxg1 g6 24. c4 Nf6 25. Kc2 1-0

[Event "AUTO-OPEN-2708"]
[Site "http://www.queenalice.com/game.php?id=1069705"]
[Date "2012.6.8"]
[Round "1"]
[White "noB"]
[Black "burnnes"]
[Result "0-1"]
[WhiteElo "1843"]
[BlackElo "1630"]

1. e4 e5 2. Nf3 Nc6 3. Bb5 Nf6 4. O-O Nxe4 5. Re1 d5 6. Nxe5 Bd6 7. Bxc6+ bxc6
8. d4 Bxe5 9. dxe5 h6 10. f3 Ng5 11. c4 Bb7 12. Nc3 O-O 13. f4 Ne4 14. Nxe4 dxe4
15. Be3 Qh4 16. Qd4 Rfd8 17. Qxe4 Rab8 18. c5 Ba6 19. b3 Bd3 20. Qxc6 Bb5 21.
Qxc7 Rbc8 22. Qa5 Bc6 23. Qc3 Qg4 0-1

[Event "AUTO-OPEN-2708"]
[Site "http://www.queenalice.com/game.php?id=1118692"]
[Date "2012.11.3"]
[Round "2"]
[White "Lopesq"]
[Black "burnnes"]
[Result "1-0"]
[WhiteElo "1643"]
[BlackElo "1768"]

1. Nf3 Nc6 2. d4 d5 3. c3 Bg4 4. Nbd2 e6 5. h3 Bf5 6. e3 Nf6 7. Bb5 a6 8. Bxc6+
bxc6 9. Ne5 Ne4 10. Nxc6 Qd6 11. Ne5 Be7 12. Ndf3 O-O 13. Qa4 Ng5 14. Nh2 Ne4
15. Nhf3 Ng5 16. Nxg5 1-0

[Event "AUTO-OPEN-2708"]
[Site "http://www.queenalice.com/game.php?id=1118693"]
[Date "2012.11.3"]
[Round "2"]
[White "burnnes"]
[Black "Lopesq"]
[Result "0-1"]
[WhiteElo "1747"]
[BlackElo "1664"]

1. e4 c5 2. Bc4 Nc6 3. Nf3 e6 4. e5 d5 5. exd6 Bxd6 6. d4 cxd4 7. Nxd4 Nxd4 8.
Qxd4 Nf6 9. Bg5 Be7 10. Qxd8+ Bxd8 11. Nc3 O-O 12. O-O a6 13. Bxf6 Bxf6 14. Rad1
b5 15. Bd3 Bb7 16. Be4 Bxe4 0-1